| 000 | 00861nam a2200229 a 4500 | ||
|---|---|---|---|
| 001 | BRL_1225 | ||
| 005 | 20190320211107.0 | ||
| 008 | 021213s1996----fr-ao#####---#000-0#fre-# | ||
| 041 | _afre | ||
| 044 | _afr | ||
| 050 | 4 |
_aND546 _b.J663 1996 |
|
| 245 | 1 | 0 |
_aDe Jonckheere _bTableaux de maitres flamands et hollandais des XVI et XVIIe siècles: XVIII Biennale Internationale des Antiquaires, Carrousel du Louvre, Paris du 13 au 29 Septembre 1996 |
| 260 |
_aParis _bDe Jonckheere _c1996 |
||
| 300 |
_asin paginación _bil., 80 láminas _c27 cm. |
||
| 500 | _aAu1417 | ||
| 610 | 2 | 4 |
_aGaleria De Jonckheere (Paris) _vCatálogos _926174 |
| 650 | 1 | 4 |
_aPintura francesa _vCatálogos _ySiglos XVI y XVII _926175 |
| 650 | 1 | 4 |
_aPintura flamenca _vCatálogos _ySiglos XVI y XVII _926176 |
| 710 | 2 |
_aGaleria De Jonckheere (Paris) _926177 |
|
| 902 | _aGRL | ||
| 942 |
_2lcc _cB |
||
| 999 |
_c10037 _d10037 |
||